00349 a2200109 4500001001000000005001700010008004100027245006900068100001700137773006800154999001700222ART_1881520260410161920.0260409a 10aEl impuesto provincial a los ingresos brutos sobre exportaciones1 aJarach, Dino0 tLa informacióng- Tomo XXXVIII, Nº 584 (ago. 1978)wREV14902 c27634d27634